History Quiz

Random History or City Quiz
Score 0/21 Timer 20:00
0 Plays Today
year % Correct
1340Rotterdam
95.7%
1266Leiden
91.4%
1246Delft
85.7%
1272Gouda
84.3%
1220Dordrecht
81.4%
1806Den Haag
81.4%
1275Schiedam
67.1%
1273Vlaardingen
58.6%
1322Gorinchem
57.1%
1306Brielle
54.3%
1811Maassluis
41.4%
year % Correct
1407Leerdam
35.7%
1280Schoonhoven
32.9%
1381Geervliet
25.7%
1469Heenvliet
22.9%
1246's-Gravenzande
20%
1283Nieuwpoort
18.6%
1396Haastrecht
17.1%
1312Goedereede
15.7%
1825Delfshaven
14.3%
1322Ammerstol
5.7%
Remove Ads.
Support Sporcle.
Get the best of Sporcle when you Go Orange. This ad-free experience offers more features, more stats, and more fun while also helping to support Sporcle. Thank you for becoming a member.

You're not logged in!

Compare scores with friends on all Sporcle quizzes.
OR
Log In

Show Comments

Extras

Created Dec 16, 2012ReportNominate
Tags:City Quiz, holland, Town

Top Quizzes Today


Score Distribution

Your Account Isn't Verified!

In order to create a playlist on Sporcle, you need to verify the email address you used during registration. Go to your Sporcle Settings to finish the process.

Report this User

Report this user for behavior that violates our Community Guidelines.

Details: